Statistics for Lana Del Rey Charting Songs (Billboard Hot 100)

Click here to take the quiz!

General Stats

  • This quiz has been taken 214 times
    (85 since last reset)
  • The average score is 9 of 15

Answer Stats

AlbumWeeks OnPeakArtist(s)Song% Correct
Midnights8 Weeks#4Taylor Swift ft. Lana Del ReySnow on the Beach
93%
Charlie's Angels7 Weeks#13Ariana Grande, Miley Cyrus & Lana Del ReyDon't Call Me Angel
83%
The Great Gatsby21 Weeks#22Lana Del ReyYoung and Beautiful
83%
Lust For Life1 Week#64Lana Del Rey ft. The WeekndLust For Life
78%
Ultraviolence2 Weeks#17Lana Del ReyWest Coast
74%
Born to Die: Paradise Edition23 Weeks#6Lana Del Rey & Cedric GervaisSummertime Sadness
72%
Ultraviolence1 Week#70Lana Del ReyUltraviolence
67%
Starboy1 Week#61The Weeknd ft. Lana Del ReyStargirl Interlude
64%
Lust For Life2 Weeks#44Lana Del ReyLove
62%
Honeymoon3 Weeks#51Lana Del ReyHigh By The Beach
57%
Born to Die1 Week#91Lana Del ReyVideo Games
57%
Norman F*****g Rockwell!2 Weeks#59Lana Del ReyDoin' Time
45%
Beauty Behind The Madness3 Weeks#47The Weeknd ft. Lana Del ReyPrisoner
45%
Ultraviolence1 Week#79Lana Del ReyShades of Cool
35%
Non-Album Single3 Weeks#54Lana Del ReySay Yes to Heaven
19%

Score Distribution

Percentile by Number Answered

Percent of People with Each Score

Your Score History

You have not taken this quiz since the last reset